000 00979nam a22002297a 4500
005 20220518110729.0
008 220516b ||||| |||| 00| 0 eng d
040 _cAloy
041 _aeng
082 _223
_a820.33
_bKUNI
100 _aMilan Kundera
_937752
245 _aImmortality
260 _aNew Delhi
_bRupa & Co
_c1991
300 _a387p.
_bPB
_c21x13cm.
365 _2English
_b120.00
_c
_d120.00
520 _aThis breathtaking, reverberating survey of human nature finds Kundera still attempting to work out the meaning of life without losing his acute sense of humour. It is one of those great unclassifiable masterpieces that appear once every twenty years or so. 'It will make you cleverer, maybe even a better lover. Not many novels can do that.' Nicholas Lezard, GQ
650 _aIndian English Fiction
_937354
650 _aIndian English Literature
_937355
700 _aKUNDERA (Milan)
_937356
700 _aKUSSI (Peter) Tr
_937753
942 _2ddc
_cGF
999 _c222947
_d222947